| 000 | 03271njm0a2200409 4500 | ||
|---|---|---|---|
| 001 | RU\NLR\ONIZ\197863 | ||
| 005 | 20250708192228.0 | ||
| 035 | _a(NLR Aleph) 010405399 | ||
| 071 | 0 | 0 | _aRDCD 00889 |
| 090 |
_a13282334 _c13282334 |
||
| 100 | _a20140221d2012 |||y0rusy50 ca | ||
| 102 | _aRU | ||
| 126 |
_aaguxhxu ux _bxxx |
||
| 127 | _a000076 | ||
| 135 | _ahonoannnanndn | ||
| 200 | 1 |
_a[Дирижирует] Евгений Светланов _bЗвукозапись _fисполн.: Государственный академический симфонический оркестр |
|
| 210 |
_aМосква _cФонд Евгения Светланова _d2012 |
||
| 225 | 1 | _aАнтология рус. симф. музыки | |
| 327 | 1 |
_a1. Сюита № 4 : "Моцартиана" : Соль маж. : соч. 61 ; _a2. Серенада для струнного оркестра : До маж. : соч. 48 : (1880) ; _a3. Итальянское каприччио : Ля маж. : соч. 45 : (1880) |
|
| 464 | 0 |
_12001#$aСюита № 4$e"Моцартиана"$eСоль маж.$eсоч. 61 _16061#$aСюиты для симфонического оркестра$xЗвукозапись$yРоссия$z19 век$2nlr_sh _1686##$aЩ951.1-043(28)$vLBC/SL$2rubbk _1701#1$9z01790$aЧайковский$bП. И.$gПетр Ильич$f1840-1893$4230$7ca _1790#1$9z01701$aČajkovskij$bP. I.$gPetr Il`ič$f1840-1893$4230$7ba _tСюита № 4 |
|
| 464 | 0 |
_12001#$aСеренада для струнного оркестра$eДо маж.$eсоч. 48$e(1880) _16061#$aСеренады для струнного оркестра$xЗвукозапись$yРоссия$z19 век$2nlr_sh _1686##$aЩ951.1-043(28)$vLBC/SL$2rubbk _1701#1$9z01790$aЧайковский$bП. И.$gПетр Ильич$f1840-1893$4230$7ca _1790#1$9z01701$aČajkovskij$bP. I.$gPetr Il`ič$f1840-1893$4230$7ba _tСеренада для струнного оркестра |
|
| 464 | 0 |
_12001#$aИтальянское каприччио$eЛя маж.$eсоч. 45$e(1880) _16061#$aКаприччио для симфонического оркестра$xЗвукозапись$yРоссия$z19 век$2nlr_sh _1686##$aЩ951.1-051(28)$vLBC/SL$2rubbk _1701#1$9z01790$aЧайковский$bП. И.$gПетр Ильич$f1840-1893$4230$7ca _1790#1$9z01701$aČajkovskij$bP. I.$gPetr Il`ič$f1840-1893$4230$7ba _tИтальянское каприччио |
|
| 606 | 1 |
_aСимфоническая музыка русская _xЗвукозапись _yРоссия _z19 век _2nlr_sh |
|
| 606 | 1 |
_aИсполнительское искусство дирижеры _xЗвукозапись _yРоссия _z20 век _2nlr_sh |
|
| 686 |
_aЩ951.1, 8(2) _vLBC/SL _2rubbk |
||
| 700 | 1 |
_9z03790 _aСветланов _bЕ. Ф. _f1928-2002 _gЕвгений Федорович _4250 _7ca |
|
| 712 | 0 | 2 |
_aГосударственный академический симфонический оркестр _4590 _7ca |
| 790 | 1 |
_9z03700 _aSvetlanov _bE. _f1928-2002 _gEvgenij _4250 _7ba |
|
| 801 | 0 |
_aRU _bNLR _c20140221 _gPSBO |
|
| 801 | 1 |
_aRU _bNLR _c20140221 _2rusmarc |
|
| 801 | 2 |
_aRU _bNLR _c20210103 |
|
| 852 |
_aNLR _bМг _jД/1880 _p3876 _t1 |
||
| 942 | _cREC | ||
| 980 | _aNB | ||
| 980 | _aONIZ | ||